000 00510nam a22001817a 4500
005 20180731124840.0
010 _aA-992445
020 _a8170433975
_c200.00
035 _aA-992445
037 _bBPPD/PUB
082 _a342.54
100 _aBhagwan, Vishnoo
245 _aIndian constitution-an appraisal
_c by Vishnoo Bhagwan
260 _aNew Delhi
_bAtma Ram
_c1999
270 _aH.N. 1376, Kashmere Gate
_bDelhi
_e110006
300 _a666p.
_c23cm(Hb)
942 _2ddc
_cEN
_h342.54
_mVIS
999 _c155190
_d155190